000 00707nam a22001937a 4500
005 20251108164251.0
008 250721s1984 xx 000 0 ara d
082 1 4 _a338.9565/بنك
245 1 0 _aالأردن :
_bطاقات و إمكانات /
264 1 _aعمان :
_bالبنك المركزي الأردني - دائرة الأبحاث و الدراسات،
_c1984.
300 _a64ص : جداول
650 1 7 _aالأردن
650 1 7 _aالإقتصاد
650 1 7 _aالتخطيط الإقتصادي
650 1 7 _aالسياسة الإقتصادية
710 2 _aالبنك المركزي الأردني - دائرة الأبحاث و الدراسات
942 _2ddc
_cBK
999 _c7913
_d7913